000 00573nam a2200193Ia 4500
005 20250326144929.0
008 250326s9999 xx 000 0 und d
020 _a81-85930-06-6
037 _aTextbook
040 _aFMSL
_beng
_cFMSL
041 _aeng
_2eng
084 _aX:8DR(8(A) P2
_qFMSL
100 _aPurohi V K
_9750332
245 0 _aProfitability in Indian idustries: analysis of firm size and profitability
_cPurohi V K
260 _aDelhi
_bDelhi, Gayatri
_c1999
300 _a140p
942 _cTB
_hX:8DR(8(A) P2
999 _c1305669
_d1305669